Vyhodnocovanie efektívnosti investičných projektov v priemyselnom podniku

Saved in:
Bibliographic Details
Main Author: Kliman, Vladimír (Author)
Other Authors: Zatrochová, Monika (Thesis advisor)
Format: Manuscript Book
Language:Slovak
Published: 2018
Subjects:
Online Access:http://is.stuba.sk/zp/portal_zp.pl?podrobnosti=136301
Tags: Add Tag
No Tags, Be the first to tag this record!

MARC

LEADER 00000ntm a22000003a 4500
001 stuzp69859
003 SK-STU
005 20180602211403.1
007 ta
008 150427s2015----xo-----f-mn---000-0-slo-d
040 |a STU  |b slo 
041 0 |a slo 
100 1 |a Kliman, Vladimír  |u 902024  |4 aut  |U Ústav manažmentu STU  |T ÚM - Oddelenie manažmentu chemických a potravinárskych technológií  |X 63963  |U R2024  |Y 408  |7 63963 
242 0 1 |a Evaluating the effectiveness of investment projects in an industrial enterprise  |y eng 
245 1 0 |a Vyhodnocovanie efektívnosti investičných projektov v priemyselnom podniku 
260 |c 2018 
650 4 |a investície  |2 slo 
650 4 |a výrobné náklady  |2 slo 
650 4 |a priemyselný podnik  |2 slo 
650 4 |a investment  |2 eng 
650 4 |a production costs  |2 eng 
650 4 |a industrial enterprise  |2 eng 
700 1 |a Zatrochová, Monika  |u 902024  |k Z1  |4 ths  |U Ústav manažmentu STU  |T ÚM - Oddelenie manažmentu chemických a potravinárskych technológií  |X 1700  |U R2024  |Y 408  |7 1700 
856 4 |u http://is.stuba.sk/zp/portal_zp.pl?podrobnosti=136301